| 000 | 01435cam a2200373 i 4500 | ||
|---|---|---|---|
| 001 | 10628 | ||
| 003 | Mx-PuUPA | ||
| 005 | 20220222112520.0 | ||
| 008 | 140415s1986 sp a gre 001 0 spa d | ||
| 017 | _aM. 9.665-1963 | ||
| 020 |
_a8423952290 _qtomo 29 |
||
| 040 |
_aMx-PuUPA _bspa _cMx-PuUPA _dMx-PuUPA _erda |
||
| 041 | 0 | _aspa | |
| 245 | 0 | 0 |
_aArte iberoamericano desde la colonización a la independencia : _bsegunda parte / _cpor Santiago Sebastián López, José de Mesa Figueroa, Teresa Gisbert de Mesa |
| 250 | _aSegunda edición | ||
| 264 | 1 |
_aMadrid : _bEspasa-Calpe, _c1986 _c©1985 |
|
| 300 |
_a683 páginas : _bilustraciones (algunas a color) ; _c28 cm |
||
| 336 |
_2rdacontent _atexto _btxt |
||
| 336 |
_2rdacontent _aimagen fija _bsti |
||
| 337 |
_2rdamedia _asin medio _bn |
||
| 338 |
_2rdacarrier _avolumen _bnc |
||
| 490 | 1 |
_aSumma artis, historia general del arte ; _v29 |
|
| 650 | 7 |
_aArte _xHistoria _2armarc |
|
| 655 | 7 |
_2armarc _aEnciclopedias |
|
| 700 | 1 |
_aSebastián López, Santiago, _eautor |
|
| 700 | 1 |
_aMesa Figueroa, José de, _eautor |
|
| 700 | 1 |
_aGisbert de Mesa, Teresa, _eautor |
|
| 785 | 0 | 0 |
_aFranca, José-Augusto, _bSegunda edición _dMadrid : Espasa-Calpe, 1989 _tArte portugués _w(Mx-PuUPA) 10627 _z8423952304 |
| 830 | 0 |
_912114 _aSumma artis, historia general del arte _v29 |
|
| 942 |
_2ddc _cLI _h709 _iS955 |
||
| 999 |
_c10628 _d10628 |
||